<?xml version="1.0" encoding="UTF-8"?>
<record
    xmlns:xsi="http://www.w3.org/2001/XMLSchema-instance"
    xsi:schemaLocation="http://www.loc.gov/MARC21/slim http://www.loc.gov/standards/marcxml/schema/MARC21slim.xsd"
    xmlns="http://www.loc.gov/MARC21/slim">

  <leader>00688nam a22001937a 4500</leader>
  <controlfield tag="003">NUST-PNEC</controlfield>
  <controlfield tag="005">20170116180716.0</controlfield>
  <controlfield tag="008">141021b        xxu||||| |||| 00| 0 eng d</controlfield>
  <datafield tag="020" ind1=" " ind2=" ">
    <subfield code="a">0201037505</subfield>
  </datafield>
  <datafield tag="040" ind1=" " ind2=" ">
    <subfield code="c">PNEC</subfield>
  </datafield>
  <datafield tag="082" ind1=" " ind2=" ">
    <subfield code="a">515 KIT</subfield>
  </datafield>
  <datafield tag="100" ind1=" " ind2=" ">
    <subfield code="9">722</subfield>
    <subfield code="a">Kitchen, Joseph W.</subfield>
  </datafield>
  <datafield tag="245" ind1=" " ind2=" ">
    <subfield code="a">Calculus of one variable</subfield>
    <subfield code="c">Joseph W. Kitchen</subfield>
  </datafield>
  <datafield tag="260" ind1=" " ind2=" ">
    <subfield code="a">Menlo Park</subfield>
    <subfield code="b">Addison-Wesley Pub. Co.</subfield>
    <subfield code="c">1968.</subfield>
  </datafield>
  <datafield tag="300" ind1=" " ind2=" ">
    <subfield code="a">xiii, 785 pages:</subfield>
    <subfield code="b"> illustrations ;</subfield>
    <subfield code="c">24 cm.</subfield>
  </datafield>
  <datafield tag="500" ind1=" " ind2=" ">
    <subfield code="a">Includes Index http://www.amazon.com/Calculus-one-variable-Joseph-Kitchen/dp/0201037505/ref=sr_1_1?s=books&amp;ie=UTF8&amp;qid=1413874578&amp;sr=1-1&amp;keywords=Calculus+of+one+variable+by+kitchen</subfield>
  </datafield>
  <datafield tag="650" ind1=" " ind2=" ">
    <subfield code="x">ME</subfield>
  </datafield>
  <datafield tag="942" ind1=" " ind2=" ">
    <subfield code="2">ddc</subfield>
    <subfield code="c">BK</subfield>
  </datafield>
  <datafield tag="999" ind1=" " ind2=" ">
    <subfield code="c">61196</subfield>
    <subfield code="d">61196</subfield>
  </datafield>
  <datafield tag="952" ind1=" " ind2=" ">
    <subfield code="0">0</subfield>
    <subfield code="1">0</subfield>
    <subfield code="2">ddc</subfield>
    <subfield code="4">0</subfield>
    <subfield code="7">0</subfield>
    <subfield code="a">PNEC</subfield>
    <subfield code="b">PNEC</subfield>
    <subfield code="c">REF</subfield>
    <subfield code="d">1996-09-01</subfield>
    <subfield code="e">Royal Book Company</subfield>
    <subfield code="g">375.00</subfield>
    <subfield code="l">0</subfield>
    <subfield code="o">515 KIT</subfield>
    <subfield code="p">PNECLIB-018962</subfield>
    <subfield code="r">2014-10-21</subfield>
    <subfield code="v">375.00</subfield>
    <subfield code="w">1996-09-01</subfield>
    <subfield code="y">BK</subfield>
  </datafield>
</record>
